They came at dawn: (Record no. 124578)
[ view plain ]
| 000 -LEADER | |
|---|---|
| fixed length control field | 00369nam a22001217a 4500 |
| 008 - FIXED-LENGTH DATA ELEMENTS--GENERAL INFORMATION | |
| fixed length control field | 160412b xxu||||| |||| 00| 0 eng d |
| 050 ## - LIBRARY OF CONGRESS CALL NUMBER | |
| Classification number | PR9369.9.P35 T5 |
| 100 ## - MAIN ENTRY--PERSONAL NAME | |
| Personal name | Patel, Essop |
| 9 (RLIN) | 23703 |
| 245 ## - TITLE STATEMENT | |
| Title | They came at dawn: |
| Remainder of title | poems by Essop Patel |
| Statement of responsibility, etc | / Essop Patel |
| 260 ## - PUBLICATION, DISTRIBUTION, ETC. (IMPRINT) | |
| Place of publication, distribution, etc | South africa |
| Name of publisher, distributor, etc | Blac Publishing House |
| Date of publication, distribution, etc | 1980 |
| 300 ## - PHYSICAL DESCRIPTION | |
| Extent | 52p. ; |
| Dimensions | 22cm. |
| 942 ## - ADDED ENTRY ELEMENTS (KOHA) | |
| Source of classification or shelving scheme | Library of Congress Classification |
| Item type | Monograph ( Printed materials) |
| Withdrawn status | Lost status | Source of classification or shelving scheme | Damaged status | Not for loan | Collection code | Home library | Current library | Shelving location | Date acquired | Total Checkouts | Full call number | Barcode | Date last seen | Price effective from | Koha item type |
|---|---|---|---|---|---|---|---|---|---|---|---|---|---|---|---|
| Library of Congress Classification | Main Collection | ARRUPE LIBRARY | ARRUPE LIBRARY | Main Collection | 12/04/2016 | PR9369.9.P35 T5 | 46500006958 | 12/04/2016 | 12/04/2016 | Monograph ( Printed materials) |